00601nam a2200193Ia 4500008004100000020001800041082001200059100002200071245003100093250000700124260004200131300002400173500001900197600003300216650001100249942000700260952012300267999001700390240925s9999 xx 000 0 und d a9781118608821 a178 GRE aGreen, Alexander 3aAn Embarrassment of Riches aNA aAustralia:bJohn Wiley & Sonsc,2014. a858p.bNAfOriginal aIncludes Index aHumanities & Natural Science aEthics cBK 001040708HUMaUITUbUITUd2018-12-18eBook Stationg340.00l0o178 GREpQ12559r2024-09-25 07:16:32w2024-09-25yBK c15058d15058